000 00645nam a2200229Ia 4500
003 OSt
005 20220928101554.0
006 a|||||r|||| 00| 0
007 ta
008 220927b |||||||| |||| 00| 0 eng d
024 _a42614
037 _cTextual
040 _aSDCL
_cSDCL
_beng
041 _2eng
_aeng
082 _aO152:gxN06, M7
100 _aShastri yogeshwer
_9391855
245 0 _aNandulare vajpayee swachhndtavadi alochana ke sandebh mai.
260 _aNew Delhi
_bDigarshan Charan jain
_c1997
300 _a462
_ccm.
942 _hO152:gxN06, M7
_cTEXL
_2CC
999 _c707690
_d707690